<?xml version="1.0" encoding="UTF-8"?>
<record
    xmlns:xsi="http://www.w3.org/2001/XMLSchema-instance"
    xsi:schemaLocation="http://www.loc.gov/MARC21/slim http://www.loc.gov/standards/marcxml/schema/MARC21slim.xsd"
    xmlns="http://www.loc.gov/MARC21/slim">

  <leader>01822nam a22002417a 4500</leader>
  <controlfield tag="003">DO-SdBJH</controlfield>
  <controlfield tag="005">20240412131125.0</controlfield>
  <controlfield tag="008">240412b        |||||||| |||| 00| 0 spa d</controlfield>
  <datafield tag="040" ind1=" " ind2=" ">
    <subfield code="a">DO-SdBJH</subfield>
    <subfield code="b">spa</subfield>
    <subfield code="c">DO-SdBJH</subfield>
  </datafield>
  <datafield tag="090" ind1=" " ind2=" ">
    <subfield code="a">TG EGCEMC</subfield>
    <subfield code="b">02033 2022</subfield>
  </datafield>
  <datafield tag="100" ind1="1" ind2=" ">
    <subfield code="a">Lajara Mart&#xED;nez, Jahzeel Alexander</subfield>
    <subfield code="e">sustentante</subfield>
  </datafield>
  <datafield tag="245" ind1="1" ind2="0">
    <subfield code="a">Propuesta de un plan de acci&#xF3;n para la gesti&#xF3;n de riesgo a inundaciones en zonas vulnerables del Municipio bajo de Haina, dirigido a la Brigada Operativa para Mitigaci&#xF3;n a Desastres del Ej&#xE9;rcito de Rep&#xFA;blica Dominicana / </subfield>
    <subfield code="c">Jahzeel Alexander Lajara Mart&#xED;nez, Joel Luis Jim&#xE9;nez Offer, asesores Delly Teannis M&#xE9;ndez G&#xF3;mez, Johany Josefina Acevedo Cabrera</subfield>
  </datafield>
  <datafield tag="260" ind1=" " ind2=" ">
    <subfield code="a">Santo Domingo :</subfield>
    <subfield code="b">INSUDE, </subfield>
    <subfield code="c">2022</subfield>
  </datafield>
  <datafield tag="300" ind1=" " ind2=" ">
    <subfield code="a">xi, 72 p&#xE1;ginas, cuadros, gr&#xE1;ficos</subfield>
  </datafield>
  <datafield tag="502" ind1=" " ind2=" ">
    <subfield code="a">Tesis (Especialidad  en Comando y Estado Mayor Conjunto) -- Instituto Superior para la Defensa (INSUDE).  Escuela de Graduados en Comando y Estado Mayor &#x201C;General de Divisi&#xF3;n Gregorio Luper&#xF3;n&#x201D;, 2022.</subfield>
  </datafield>
  <datafield tag="504" ind1=" " ind2=" ">
    <subfield code="a">Incluye referencias bibliogr&#xE1;ficas e &#xED;ndices</subfield>
  </datafield>
  <datafield tag="505" ind1=" " ind2=" ">
    <subfield code="a">Nivel de vulnerabilidad frente a las inundaciones del Municipio Bajos de Haina, San Cristobal. -- Rol y funciones de la Brigada Operativa para la Mitigaci&#xF3;n a Desastres (BRIOMD) y el plan rel&#xE1;mpago en relaci&#xF3;n a las inundaciones. -- Propuesta de acciones a implementar para mitigar los impactos y posibles da&#xF1;os ante inundaciones en zonas vulnerables del Municipio Bajo de Haina dirigido a la BRIOMD</subfield>
  </datafield>
  <datafield tag="700" ind1="1" ind2=" ">
    <subfield code="a">Jim&#xE9;nez Offer, Joel Luis</subfield>
    <subfield code="e">sustentante</subfield>
  </datafield>
  <datafield tag="700" ind1="1" ind2=" ">
    <subfield code="a">M&#xE9;ndez G&#xF3;mez, Delly Teannis</subfield>
    <subfield code="e">asesor</subfield>
  </datafield>
  <datafield tag="700" ind1="1" ind2=" ">
    <subfield code="a">Acevedo Cabrera , Johany Josefina</subfield>
    <subfield code="e">asesor</subfield>
  </datafield>
  <datafield tag="830" ind1=" " ind2=" ">
    <subfield code="a">INSUDE. Escuela de Graduados en Comando y Estado Mayor &#x201C;General de Divisi&#xF3;n Gregorio Luper&#xF3;n&#x201D;. Tesis y disertaciones academicas</subfield>
  </datafield>
  <datafield tag="942" ind1=" " ind2=" ">
    <subfield code="2">CL</subfield>
    <subfield code="c">T</subfield>
  </datafield>
  <datafield tag="999" ind1=" " ind2=" ">
    <subfield code="c">7717</subfield>
    <subfield code="d">7717</subfield>
  </datafield>
  <datafield tag="952" ind1=" " ind2=" ">
    <subfield code="0">0</subfield>
    <subfield code="1">0</subfield>
    <subfield code="2">CL</subfield>
    <subfield code="4">0</subfield>
    <subfield code="7">0</subfield>
    <subfield code="8">CG</subfield>
    <subfield code="a">BJHA</subfield>
    <subfield code="b">BJHA</subfield>
    <subfield code="d">2024-04-12</subfield>
    <subfield code="i">22-02033</subfield>
    <subfield code="l">0</subfield>
    <subfield code="o">TG EGCEMC 02033 2022</subfield>
    <subfield code="p">22-02033</subfield>
    <subfield code="r">2024-04-12 13:11:48</subfield>
    <subfield code="t">e.1</subfield>
    <subfield code="w">2024-04-12</subfield>
    <subfield code="y">T</subfield>
  </datafield>
</record>
